| 000 | 00885nam a2200205 i 4500 | ||
|---|---|---|---|
| 001 | 162957 | ||
| 003 | ES-MaACL | ||
| 005 | 20250804012212.0 | ||
| 008 | 951113s1894 sp |||| | spa d | ||
| 040 |
_aAS _bspa _cCCPB | SIC |
||
| 100 | 1 |
_aRampolla del Tíndaro, Mariano. _9131585 |
|
| 245 | 1 | 0 |
_aCarta del Emmo. Sr. Cardenal Rampolla al Excmo. e Ilmo. Señor Arzobispo-Obispo de Madrid-Alcalá y Panegírico de Santo Tomás de Aquino / _cpronunciado por el M.R.P. Fr. Antonio Hernández. |
| 260 |
_aMadrid : _b[s.n.], _c1894 ( _fImprenta Colonial, a cargo de G. Gutiérrez) |
||
| 300 |
_a26 p. ; _c23 cm. |
||
| 600 | 0 | 4 |
_aTomás de Aquino, _cSanto _9110514 |
| 650 | 4 |
_aPanegíricos. _9163816 |
|
| 700 | 1 |
_aHernández, Antonio _cO.P. _9222378 |
|
| 852 |
_aES-MaACL _jT-792-F-10 _z-- Enc. hol. conservando la rust. original _z-- Enc. en un vol. facticio |
||
| 999 |
_c162957 _d162957 |
||